| 000 | 00565cam a22002051 4500 | ||
|---|---|---|---|
| 001 | ne 68000003 | ||
| 003 | DLC | ||
| 005 | 20260227111835.0 | ||
| 008 | 910222s1966 ir 000 0 perr | ||
| 010 | _ane 68000003 | ||
| 035 | _a(OCoLC)23138968 | ||
| 040 |
_aDLC _cCU _dCU _dDLC |
||
| 042 | _apremarc | ||
| 050 | 0 | 0 |
_aDS325.T3 _bB3 |
| 100 | 1 | _aBākhtarī, Hūshang. | |
| 245 | 1 | 0 |
_aAz shahr-i Tihrān chih mīdānīm, _ctaʼlīf-i H. Bākhtarī. |
| 260 |
_a[Tihrān, _bIntishārāt-i Ṣāʼibī, _c1966] |
||
| 300 |
_a166 p. _c22 cm. |
||
| 651 | 0 | _aTehran (Iran) | |
| 999 |
_c49902 _d49902 |
||